000 00976nam0a22002411 4500
001 rc\449033
005 20250621090824.0
035 _a(NLR Aleph) 005694229
090 _a7208711
_c7208711
100 _a20030616d1987 |||y0rusy50 ca
101 0 _arus
102 _aRU
105 _ay |||||||||
200 1 _aСООБРАЖЕНИЯ по поводу дальнейшего развития кооперативного движения в соответствии с курсом на качественно новый рост
_fРазраб. под руководством Тодора Живкова и утв. на заседании Политбюро ЦК БКП, 31 марта 1987 г.
210 _aСофия
_cСофия Пресс
_d1987
215 _a44 с.
_d16
702 1 _aЖивков
_bТ.
_f1911-1998
_gТодор
_4570
801 0 _aRU
_bNLR
_gpsbo
801 1 _aRU
_bELAR
_2rusmarc
852 _aNLR
_j88-2/3233
942 _cBOOK
980 _aNB